| 000 | 01371nam a2200349 i 4500 | ||
|---|---|---|---|
| 003 | EG-GICUC | ||
| 005 | 20260121101632.0 | ||
| 008 | 260101m19981999ua ||||fr|||| 000 0 ara d | ||
| 017 | _a98/16371 | ||
| 020 | _a977-04-2487-0 | ||
| 040 |
_a EG-GICUC _bara _c EG-GICUC _d EG-GICUC _erda |
||
| 041 | _aara | ||
| 082 | 0 | 4 |
_221 _a345 _bع ص . م |
| 092 | 0 | 4 | _221 |
| 099 | _aLaw1 07 345 ع ص . م 1999 | ||
| 100 | 0 |
_aعصمت عبدالله الشيخ _eمؤلف. |
|
| 245 | 1 | 0 |
_aمبادئ ونظريات القانون الإداري : _bإمتيازات الإدارة العامة / _cدكتور عصمت عبدالله الشيخ. |
| 264 | 1 |
_aالقاهرة : _bدار النهضة العربية, _c1999. |
|
| 300 |
_a387 صفحة ؛ _c24 سم _bإيضاحيات، صور، مثيليات ؛ |
||
| 336 |
_2rda content _atext |
||
| 337 |
_2rda media _aComputer |
||
| 338 |
_2rda carrier _aOnline Resource |
||
| 546 | _aالنص أغلبه باللغة العربية مع بعض النصوص الفرنسية | ||
| 650 | 1 | 4 |
_aالقانون الإداري _2qrmak |
| 650 | 1 | 4 |
_aالقرارت الإدارية _2qrmak |
| 650 | 1 | 4 |
_aنفاذ القرارات الإدارية _2qrmak |
| 650 | 1 | 4 | _aالعقود الإدارية |
| 651 | 1 | _2qrmak | |
| 856 | 4 | 0 | _uhttps://fll.law.cu.edu.eg/fulltext/bks/B07-02019.pdf |
| 905 | _a79 | ||
| 942 |
_2ddc _cBK _e21 _n0 |
||
| 999 |
_c53671 _d53671 |
||